XII Jornadas Latinoamericanas de Derecho Tributario : (Registro nro. 7591)
[ vista simple ]
| 000 -LEADER | |
|---|---|
| fixed length control field | 00836nam a2200205Ia 4500 |
| 003 - CONTROL NUMBER IDENTIFIER | |
| control field | OSt |
| 005 - DATE AND TIME OF LATEST TRANSACTION | |
| control field | 20210420123706.0 |
| 008 - FIXED-LENGTH DATA ELEMENTS--GENERAL INFORMATION | |
| fixed length control field | 210310s1985 ck gr 100 0 spa d |
| 040 ## - CATALOGING SOURCE | |
| Original cataloging agency | CO-JMCR |
| Transcribing agency | CO-JMCR |
| 041 0# - LANGUAGE CODE | |
| Language code of text/sound track or separate title | spa |
| 082 04 - DEWEY DECIMAL CLASSIFICATION NUMBER | |
| Classification number | 343.06 / |
| Item number | J828j |
| Edition number | 23 |
| 111 2# - MAIN ENTRY--MEETING NAME | |
| Meeting name or jurisdiction name as entry element | Jornadas Latinoamericanas de Derecho Tributario |
| Number of part/section/meeting | (12a : |
| Date of meeting or treaty signing | 1985 : |
| Location of meeting | Bogotá) |
| 9 (RLIN) | 37001 |
| 245 10 - TITLE STATEMENT | |
| Title | XII Jornadas Latinoamericanas de Derecho Tributario : |
| Remainder of title | memoria |
| 260 ## - PUBLICATION, DISTRIBUTION, ETC. | |
| Place of publication, distribution, etc. | Bogotá : |
| Name of publisher, distributor, etc. | Instituto Latinoamericano de Derecho Tributario, |
| Date of publication, distribution, etc. | 1985 |
| 300 ## - PHYSICAL DESCRIPTION | |
| Other physical details | 3 volúmenes ; |
| Dimensions | 24 cm. |
| 505 0# - FORMATTED CONTENTS NOTE | |
| Miscellaneous information | v.1-2. |
| Title | Ponencias nacionales |
| Miscellaneous information | v.3. |
| Title | Ponencias generales - discusiones - conclusiones |
| 610 24 - SUBJECT ADDED ENTRY--CORPORATE NAME | |
| Corporate name or jurisdiction name as entry element | Instituto Latinoamericano de Derecho Tributario |
| General subdivision | Fines y objetivos |
| 9 (RLIN) | 37002 |
| 650 ## - SUBJECT ADDED ENTRY--TOPICAL TERM | |
| Topical term or geographic name entry element | Derecho Tributario |
| 9 (RLIN) | 14878 |
| Form subdivision | Congresos |
| Chronological subdivision | 1985 |
| Geographic subdivision | América Latina |
| 942 ## - ADDED ENTRY ELEMENTS (KOHA) | |
| Source of classification or shelving scheme | Dewey Decimal Classification |
| Koha item type | Books |
| Withdrawn status | Lost status | Source of classification or shelving scheme | Damaged status | Not for loan | Home library | Current library | Date acquired | Source of acquisition | Full call number | Barcode | Date last seen | Copy number | Koha item type | Total Checkouts | Price effective from |
|---|---|---|---|---|---|---|---|---|---|---|---|---|---|---|---|
| Dewey Decimal Classification | Biblioteca Pública José María del Castillo y Rada | Biblioteca Pública José María del Castillo y Rada | 04/15/2018 | Donación | 343.06 / J828j | 430004543 | 05/16/2024 | V.1 / Ej.1 | Books | ||||||
| Dewey Decimal Classification | Biblioteca Pública José María del Castillo y Rada | Biblioteca Pública José María del Castillo y Rada | 04/15/2018 | Donación | 343.06 / J828j | 430004544 | 05/16/2024 | V.2 / Ej.1 | Books | 04/20/2021 | |||||
| Dewey Decimal Classification | Biblioteca Pública José María del Castillo y Rada | Biblioteca Pública José María del Castillo y Rada | 04/15/2018 | Donación | 343.06 / J828j | 430004545 | 05/16/2024 | V.3 / Ej.1 | Books | 04/20/2021 |